书目信息 |
| 题名: |
说水浒 话权谋
|
|
| 作者: | 姚有志 编 | |
| 分册: | ||
| 出版信息: | 北京 中国人民解放军出版社 1994.09 |
|
| 页数: | 288页 | |
| 开本: | 32开 | |
| 丛书名: | ||
| 单 册: | ||
| 中图分类: | C93 | |
| 科图分类: | ||
| 主题词: | 管理学 | |
| 电子资源: | ||
| ISBN: | 7-5065-2344-2 | |
| 000 | 00537nam0 2200193 45 | |
| 001 | 0011011938 | |
| 005 | 20001101190450.5 | |
| 010 | @a7-5065-2344-2@d7.50元 | |
| 100 | @a20001101d1994 km y0chiy0120 ea | |
| 101 | 0 | @achi |
| 105 | @a z 000yy | |
| 200 | 1 | @a说水浒 话权谋@AShuo Shui Hu Hua Quan Mou@f姚有志 编@FYao You Zhi Bian |
| 210 | @a北京@c中国人民解放军出版社@d1994.09 | |
| 215 | @a288页@d32开 | |
| 606 | 0 | @a管理学 |
| 690 | @aC93@v3 | |
| 701 | 0 | @a姚有志@4编 |
| 801 | @aCN@bPftUser@c20001101 | |
| 905 | @b195551-555@dC93@eY981@f5 | |
| 说水浒 话权谋/姚有志 编.-北京:中国人民解放军出版社,1994.09 |
| 288页;32开 |
| ISBN 7-5065-2344-2:7.50元 |
| ● |
| 相关链接 |
|
|
|
正题名:说水浒话权谋
索取号:C93/Y981
 
预约/预借
| 序号 | 登录号 | 条形码 | 馆藏地/架位号 | 状态 | 备注 |
| 1 | 195551 | 201955517 | 社科库509/509社科库 63排9列5层/ [索取号:C93/Y981] | 在馆 | |
| 2 | 195552 | 201955526 | 社科库509/509社科库 63排9列5层/ [索取号:C93/Y981] | 在馆 | |
| 3 | 195553 | 201955535 | 社科库509/509社科库 63排9列5层/ [索取号:C93/Y981] | 在馆 | |
| 4 | 195554 | 201955544 | 社科库509/509社科库 63排9列5层/ [索取号:C93/Y981] | 在馆 | |
| 5 | 195555 | 201955553 | 社科库509/509社科库 63排9列5层/ [索取号:C93/Y981] | 在馆 |